| 000 | 00785nam a2200241 a 4500 | ||
|---|---|---|---|
| 001 | 49103 | ||
| 003 | BD-RjUL | ||
| 005 | 20211209054633.0 | ||
| 008 | 160817s1966 bg ||||| |||| 00| 0 ben d | ||
| 020 | _cTK:3.75 | ||
| 035 | _a(BD-RjUL)49222 | ||
| 040 |
_aBD-RjUL _bben _cBD-RjUL |
||
| 041 | _aben | ||
| 082 |
_223 _a891.441 _bALD 1966 |
||
| 100 | 1 | 0 |
_aআলী, সৈয়দ এমদাদ _9147694 |
| 245 | 1 | 0 |
_aডালি / _cসৈয়দ এমদাদ আলী |
| 250 | _a২য় সং. | ||
| 260 |
_aঢাকা : _bবাংলা একাডেমী, _c১৯৬৬ |
||
| 300 |
_a[চৌত্রশ] ১৪৪ পৃ. ; _c২২ সেমি. |
||
| 650 |
_aবাংলা কবিতা _9147695 |
||
| 650 |
_aBengali poetry _9147696 |
||
| 942 |
_2ddc _cBK |
||
| 999 |
_c49103 _d49103 |
||